| 000 | 04220cam a22006014i 4500 | ||
|---|---|---|---|
| 003 | PE-LiUPU | ||
| 005 | 20250731175642.0 | ||
| 008 | 150706s2011 ck a r 000 0 spa d | ||
| 020 | _a9789584227966 | ||
| 035 | _a(Sirsi) i9789584227966 | ||
| 040 |
_aPE-LiUPU _bspa _cPE-LiUPU _erda |
||
| 049 | _aPRUA | ||
| 082 | 0 | 4 |
_a465 _bR31 _221 |
| 082 | 0 | 4 |
_a811.134 _bR31 2011 |
| 110 | 2 | _aReal Academía Española | |
| 245 | 1 | 0 |
_aNueva gramática básica de la lengua española / _cReal Academía Española. |
| 264 | 1 |
_aBogotá : _bPlaneta Colombiana, _c2011 . |
|
| 300 |
_a305 páginas : _bilustraciones ; _c20 centímetros |
||
| 336 |
_atext _2rdacontent |
||
| 337 |
_aunmediated _2rdamedia |
||
| 338 |
_avolume _2rdacarrier |
||
| 500 | _aContenido identico, sin embargo en el ej. 1 aparece 2a ed. | ||
| 505 | 0 | _aLa gramática -- Las palabras -- Morfología -- El género -- El número -- La flexión verbal -- La derivación y la composición -- Categorias y clases -- El sustantivo -- El adjetivo -- Determinantes y pronombres -- El artículo -- El pronombre personal -- Demostrativos y posesivos -- Cuantificadores y numerales -- Relativos, interrogativos y exclamativos -- El adverbio -- El verbo -- La preposición. La conjunción. La interjección -- Sintaxis -- Estructuras sintácticas simples -- El grupo nominal -- Los grupos adjetival, preposicional y adverbial -- El sujeto -- Complemento directo. Complemento indirecto. Complemento de régimen -- Adjunto. Complemento circunstanciales -- El atributo -- Oraciones activas, pasivas, impersonales y medias -- La modalidad. La negación -- Estructura sintácticas complejas -- Oraciones subordinadas sustantivas -- Oraciones subordinadas de relativo -- Construcciones comparativas, superlativas y consecutivas -- Construcciones causales, finales e ilativas -- Construcciones condicionales y concesivas. | |
| 526 | _aP145 | ||
| 526 | _aP127 | ||
| 526 | _aP97 | ||
| 526 | _aP35 | ||
| 526 | _aP14 | ||
| 526 | _aP07 | ||
| 541 | _g045-0004361; | ||
| 541 | _g001-0035138; | ||
| 541 | _g001-0035138; | ||
| 541 | _g001-0035138; | ||
| 650 | 0 | 4 |
_aEspañol _xGramática. |
| 650 | 0 | 4 |
_aEspañol _xMorfología. |
| 650 | 0 | 4 |
_aEspañol _xSintaxis. |
| 910 |
_agl _bjv _cng _d20121203 |
||
| 910 |
_ctqv _d20170918 |
||
| 942 |
_2ddc _cBOOK |
||
| 949 |
_a465 R31 _wDEWEY _c1 _i65812 _lCCODEBUL1 _mBUL _p22.00 _r0 _sY _tBOOK _u2015-7-6 _xFCE _zAGB _o.STAFF. Colección General |
||
| 949 |
_a465 R31 _wDEWEY _c2 _i66587 _lCCODEBUL1 _mBUL _p14.00 _r0 _sY _tBOOK _u2015-7-6 _xEDUCACION _PP20 _o.STAFF. Colección General |
||
| 949 |
_a465 R31 _wDEWEY _c3 _i66588 _lCCODEBUL1 _mBUL _p14.00 _r0 _sY _tBOOK _u2015-7-6 _xEDUCACION _PP20 _o.STAFF. Colección General |
||
| 949 |
_a465 R31 _wDEWEY _c4 _i66589 _lCCODEBUL1 _mBUL _p14.00 _r0 _sY _tBOOK _u2015-7-6 _xEDUCACION _PP20 _o.STAFF. Colección General |
||
| 949 |
_a811.134 R31 _wDEWEY _c4 _iFJ08804 _lCCODEBUJ1 _mBUJ _p22.00 _r0 _sY _tBOOK _u2017-09-18 _xEDUCACION _PP14 _o.STAFF. Colección General Juliaca |
||
| 994 |
_aC0 _bPEPRU |
||
| 596 | _a1 3 | ||
| 999 |
_a465 R31 _wDEWEY _c54213 _i65812 _d54213 _f2021-11-8 _g6 _lCCODEBUL1 _mBUL _p22.00 _q1 _r0 _sN _tBOOK _u2015-7-6 _xEDUCACION _zAGB _o.STAFF. Colección General |
||
| 999 |
_a465 R31 _wDEWEY _c2 _i66587 _d2018-7-19 _e2018-2-19 _f2021-11-8 _g5 _lCCODEBUL1 _mBUL _n2 _p14.00 _q1 _r0 _sN _tBOOK _u2015-7-6 _xEDUCACION _PP20 _0COMPRA _o.STAFF. Colección General |
||
| 999 |
_a465 R31 _wDEWEY _c3 _i66588 _d2018-8-14 _e2018-4-19 _f2021-11-8 _g5 _lCCODEBUL1 _mBUL _n2 _p14.00 _q2 _r0 _sN _tBOOK _u2015-7-6 _xEDUCACION _PP20 _0COMPRA _o.STAFF. Colección General |
||
| 999 |
_a465 R31 _wDEWEY _c4 _i66589 _d2018-12-5 _e2017-10-4 _f2021-11-8 _g5 _lCCODEBUL1 _mBUL _n2 _p14.00 _q2 _r0 _sY _tBOOK _u2015-7-6 _xEDUCACION _PP20 _0COMPRA _o.STAFF. Colección General |
||
| 999 |
_a811.134 R31 2011 _wDEWEY _c1 _iFJ08804 _d2019-4-9 _f2022-2-2 _g2 _lCCODEBUJ1 _mBUJ _p22.00 _q2 _r0 _sY _tBOOK _u2017-9-18 _xEDUCACION _PP14 _0COMPRA _o.STAFF. Colección General Juliaca |
||
| 980 |
_81 _gALBERTO SANCHEZ Responsable de Automatización |
||